Double B Words Quiz Stats

 Plays Quiz Updated Oct 1, 2018

Score 0/24 Timer 06:00
4 Plays Today
Clue BB Word % Correct
Game in which 'ebb' would net you 21 points if on a triple-word scoreScrabble
88.6%
Bilbo Baggins was oneHobbit
86.9%
Fred Flintstone's hollerYabba-Dabba-Doo
83.6%
Swedish Band had hits with 'Take A Chance On Me' and 'Knowing Me, Knowing You'ABBA
82.6%
Dessert commonly made from apples or peachescobbler
76.1%
Telescope launched into orbit on April 24, 1990Hubble Space Telescope
74.6%
Weights used in fitness training or a not so smart persondumbbell
74.1%
He had Han Solo on display, encased in carboniteJabba the Hutt
73.2%
House elf that Harry Potter freesDobby
60.9%
Lou Costello's comedy partnerBud Abbott
57.9%
The all-time NBA points leader, he started his career as Lew Alcindor, then changed his name to thisKareem Abdul-Jabbar
52.5%
The Red Ryder carbine-action 200-shot range model air rifle is oneBB gun
51.8%
Clue BB Word % Correct
To argue over small, petty issues, especially while bargainingquibble or squabble
46.5%
A sword sheathscabbard
40.3%
Mystical aspects of Judaism. Madonna is a noted adherentKabbalah
40%
First public golf course to be selected as the No. 1 course in America by Golf Digest, but the public better be able to afford $495 per roundPebble Beach Golf Links
37.6%
Invention of the Absent-Minded ProfessorFlubber
33.9%
For Don Ho, they are TinyBubbles
31.8%
Game in which two ways of scoring are by pegging or His Nibscribbage
27.4%
Lewis Carroll's literature within literature 'twas brillig...'Jabberwocky
24.4%
Troublesome creatures for the Star Trek crewtribbles
23.6%
Rocky Balboa's opponent portrayed by Mr TClubber Lang
19.4%
Robert Redford's character in 'The Natural'Roy Hobbs
13.9%
Comedian Kaye whose stage and screen roles included Nicely-Nicely Johnson and Marryin' SamStubby
5.9%

You're not logged in!

Compare scores with friends on all Sporcle quizzes.
OR
Log In

Sporcle TV

Today on Sporcle TV


Watch our educational content, quiz creation guides, and fun videos on Sporcle TV.

Show Comments

Extras

Top Quizzes Today


Score Distribution

Your Account Isn't Verified!

In order to create a playlist on Sporcle, you need to verify the email address you used during registration. Go to your Sporcle Settings to finish the process.

Report this User

Report this user for behavior that violates our Community Guidelines.

Details: